00509nam a2200181 a 4500001001300000003000900013005001700022008004100039020002300080082001600103100002100119245005700140260003300197300001000230500003500240650003100275700002100306nice12345678IN_TiNIC20260116014922.0140116s2009 inda grp 000 0 eng  a9780143068174c27500a297.63bKHA aKhan, Wahiduddin aProphet of Peaceb Teachings of the Prophet Muhammad aIndia bPenguin Books c2009 a226p  aincludes index and biblioraphy aMuhammad, Prophet of Islam1 aKhan, Wahiduddin